00917nam a2200217 a 450000100100000000500170001000800410002704000250006808200150009310000520010824500440016026000490020430000200025349000190027359000270029250000350031983000260035495201130038095201890049399900170068200003198120200930063330.0110707s1930 dr 000 0 spa d aDO-SdBNPbspacBNPHU axxxxbE36b1 aEkman, E. L.q(Erik L. Ekman)d1883-193195814210aEn busca del Monte Tina /cE. L. Ekman. aSanto Domingo :bJ. R. Vda. García,c1930. a17 p. ;c23 cm.1 aBotánicav15 aInventariado, 2018/ YL aEstación agronomica de Moca. 0aBotánican15958143 001050718RVaPDbPDcCTd2011-07-07iLF1l0oxxxx E36bp31981-10r2020-06-25w2020-06-25y1ZNo se presta 001050718RVaPDbPDcCTd2018-08-31iLF1l0oxxxx E36bp31981-20r2020-06-25te. 2w2020-06-25y1zPerteneció a la biblioteca personal de Carlos Larrazábal Blanco.ZNo se presta c31472d31472